Διανυσματικός λογισμός

Αποθηκεύτηκε σε:
Λεπτομέρειες βιβλιογραφικής εγγραφής
Κύριος συγγραφέας: Marsden, Jerrold E.
Άλλοι συγγραφείς: Tromba, Anthony, Γιαννόπουλος, Απόστολος (Μεταφραστής)
Μορφή: Βιβλίο
Γλώσσα:Greek
English
Δημοσίευση: Ηράκλειο : Πανεπιστημιακές Εκδόσεις Κρήτης, 1995
Έκδοση:2η εκδ.
Θέματα:
Ετικέτες: Προσθήκη ετικέτας
Δεν υπάρχουν, Καταχωρήστε ετικέτα πρώτοι!

MARC

LEADER 00000nam a2200000 i 4500
001 1/23190
008 980519s1995 gre d
020 |a 960-7309-5-10 
035 |l 10036777 
040 |a GR-MY-UA  |b gre  |e aacr 
041 1 |a gre  |h eng 
082 0 |a 515.63  |2 (21) 
100 1 |a Marsden, Jerrold E. 
245 1 0 |a Διανυσματικός λογισμός /  |c Jerold E. Marsden, Antony J. Tromba ; μετάφραση Απόστολος Γιαννόπουλος 
250 |a 2η εκδ. 
260 |a Ηράκλειο :   |b Πανεπιστημιακές Εκδόσεις Κρήτης,   |c 1995 
300 |a 552 σ. 
580 |a Translation of: Vector calculus 
650 0 0 |a Calculus. 
650 0 0 |a Vector culculus. 
700 1 |a Tromba, Anthony. 
700 1 |a Γιαννόπουλος, Απόστολος.  |4 trl 
730 0 |a Vector calculus. 
852 |a INST  |b RHODES  |e 19980519  |h 515.63 MAR  |p 005400006433  |q 005400006433  |t BK  |y 0 
901 |a BIBL-1998-1 
909 |a Ρ  |b 053538  |c 1998 
922 |a 4ΕΛΗ  |b 199802  |c ΚΠΣ/Ν  |d EMVASIS